Online Catalogue and eLibrary

Faith renewed : (Record no. 846)

MARC details
000 -LEADER
fixed length control field 00283nam a2200097Ia 4500
008 - FIXED-LENGTH DATA ELEMENTS--GENERAL INFORMATION
fixed length control field 240331s9999 xx 000 0 und d
082 ## - DDC Classification
Class No. 291
Item Number - Author Mark FAI
100 ## - MAIN ENTRY--PERSONAL NAME
Personal name Lumpur , K. ed
245 #0 - TITLE STATEMENT
Title Faith renewed :
Remainder of title a report on the frist Asian Women's consultation on Interfaith Dialogue
942 ## - Koha item type (Biblio)
Koha item type Books in Stacks (Lending)
Holdings
Lost status Damaged status Collection code Home library Current library Shelving location Date acquired Full call number Accession Number Item type
    Lending WERC Library WERC Library Social Science Cupboard 03/31/2024 291 FAI 674 Books in Stacks (Lending)

© WERC Library